Juego y movimiento en la escuela primaria
I tiakina i:
| Kaituhi matua: | |
|---|---|
| Hōputu: | Pukapuka |
| Reo: | Pāniora |
| I whakaputaina: |
Buenos Aires
Novelibro
1993
|
| Rangatū: | Colección Actividades
|
| Ngā marau: | |
| Ngā Tūtohu: |
Tāpirihia he Tūtohu
Kāore He Tūtohu, Me noho koe te mea tuatahi ki te tūtohu i tēnei pūkete!
|
MARC
| LEADER | 00000nam a2200000 a 4500 | ||
|---|---|---|---|
| 001 | UCZ0953 | ||
| 003 | CL-VaPUC | ||
| 008 | 950810e19930000AG |||||||||||||||||spa|d | ||
| 082 | 0 | 4 | |a 372.86 |b BER |2 21 |
| 100 | 0 | |a Beron, Inés H |e author |9 344251 | |
| 245 | 1 | 0 | |a Juego y movimiento en la escuela primaria |
| 300 | |a 343 p | ||
| 942 | |c BK | ||
| 945 | |d 19950810 00:00:00 |a rbrito | ||
| 260 | |a Buenos Aires |b Novelibro |c 1993 | ||
| 650 | 0 | |a Deportes |9 224367 | |
| 650 | 0 | |a Educación física |9 240893 | |
| 650 | 7 | |a EDUCACION EXTRAESCOLAR |2 CL-VaPUC |9 311165 | |
| 650 | 7 | |a EDUCACION PARA EL DESARROLLO |2 CL-VaPUC |9 335858 | |
| 650 | 0 | |a Educación para la salud |9 344252 | |
| 650 | 0 | |a Juegos educativos |9 307366 | |
| 650 | 7 | |a JUEGO METODO DE ENSEÑANZA |2 CL-VaPUC |9 338389 | |
| 650 | 0 | |a Juegos infantiles |9 307365 | |
| 583 | |a last modification |c 19950810 00:00:00 |k Rodrigo Vera | ||
| 490 | 0 | |a Colección Actividades | |
| 999 | |c 237814 |d 237812 | ||
| 952 | |0 0 |1 0 |4 0 |6 372_860000000000000_BER_1993 |7 0 |8 A |9 247518 |a BIBEDU |b BIBEDU |d 2019-11-18 |i 3117812 |l 1 |o 372.86 BER 1993 |p 3117812 |r 2024-08-12 |s 2024-08-06 |w 2019-11-18 |y BK |k EPE | ||